| 000 | 00471nam a22001811a 4500 | ||
|---|---|---|---|
| 001 | 5080 | ||
| 003 | OSt | ||
| 005 | 20260204212000.0 | ||
| 008 | 051107s1985||||dr ||||||b||||||||||spa|| | ||
| 050 | _aRD 861.44 B496e | ||
| 100 | _aBillini Mejía, Lourdes | ||
| 245 | _aEl grito esculpido / Lourdes Billini Mejía, | ||
| 264 | _aSanto Domingo : Biblioteca Nacional | ||
| 300 | _a156 p | ||
| 490 | _aColección Orfeo | ||
| 650 | _a1.Poesía DominicanaÌ | ||
| 942 |
_2ddc _cBK |
||
| 999 |
_c5080 _d5080 |
||